Renacimiento italiano y pensamiento moderno

Gardado en:
Detalles Bibliográficos
Autor Principal: Jasinowski, Bogumil (Author)
Formato: Libro
Idioma:Lingua castelá
Publicado: Santiago Universidad de Chile 1968
Subjects:
Tags: Engadir etiqueta
Sen Etiquetas, Sexa o primeiro en etiquetar este rexistro!

MARC

LEADER 00000nam a2200000 a 4500
001 UCX7388
003 CL-VaPUC
008 931209e19680000CL |||||||||||||||||spa|d
082 0 4 |a 195  |b JAS  |2 21 
100 |a Jasinowski, Bogumil  |e author  |9 380779 
245 1 0 |a Renacimiento italiano y pensamiento moderno 
300 |a 199 p 
942 |c BK 
945 |d 19931209 00:00:00  |a oaravena 
260 |a Santiago  |b Universidad de Chile  |c 1968 
650 0 |a Filosofía renacentista   |9 268121 
650 0 |a Renacimiento  |9 255107 
651 0 |a Italia  |9 254949 
583 |a last modification  |c 19931209 00:00:00  |k Rodrigo Vera 
999 |c 227216  |d 227214 
952 |0 0  |1 0  |4 0  |6 195_000000000000000_JAS_1968  |7 0  |8 P  |9 226086  |a BIBEDU  |b BIBEDU  |c BIBEDU_PB  |d 2019-11-15  |i 294605K  |o 195 JAS 1968  |p 294605K  |r 2024-01-25  |w 2019-11-15  |y BK  |k FIL